| 000 | 00794nam a22002777a 4500 | ||
|---|---|---|---|
| 005 | 20230615111748.0 | ||
| 008 | 160405b2014 xxu||||| |||| 00| 0 spa d | ||
| 020 | _a9780981602868 | ||
| 041 | _aING | ||
| 082 | _a917.286 H529c | ||
| 100 |
_aHepworth, Adrian _980629 |
||
| 245 | _aCosta Rica : a journey through nature | ||
| 250 | _a2 edición | ||
| 260 |
_aEstados Unidos _bCornell University Press _c2014 |
||
| 300 | _a187 páginas | ||
| 650 |
_aCOSTA RICA _980630 |
||
| 650 |
_aHISTORIA NATURAL _980631 |
||
| 650 |
_aGUANACASTE _980632 |
||
| 650 |
_aPACÍFICO CENTRAL _980633 |
||
| 650 |
_aPENÍNSULA DE OSA _980634 |
||
| 650 |
_aZONA CENTRAL _980635 |
||
| 650 |
_aCARIBE NORTE _980636 |
||
| 650 |
_aCARIBE SUR _980637 |
||
| 650 |
_aÁREAS DE CONSERVACIÓN _980638 |
||
| 942 | _cBK | ||
| 999 |
_c7899 _d7899 |
||